Cuadernos Centroamericanos de Ciencias Sociales/
Furkejuvvon:
| Materiálatiipa: | Girji |
|---|---|
| Giella: | Spanish |
| Almmustuhtton: |
San José, Costa Rica:
CSUCA,
1979-
|
| Fáttát: | |
| Fáddágilkorat: |
Lasit fáddágilkoriid
Eai fáddágilkorat, Lasit vuosttaš fáddágilkora!
|
MARC
| LEADER | 00000nam a22000007a 4500 | ||
|---|---|---|---|
| 003 | cru CIDCACS/IIS | ||
| 005 | 20240111104541.0 | ||
| 007 | ta | ||
| 008 | 240111b |||||||| |||| 00| 0 spa d | ||
| 040 | |c cru CIDCACS/IIS | ||
| 090 | |a REV0220 | ||
| 245 | 1 | |a Cuadernos Centroamericanos de Ciencias Sociales/ |c Consejo Superior Universitario Centroamericano | |
| 260 | |a San José, Costa Rica: |b CSUCA, |c 1979- | ||
| 270 | |a Ciudad Universitaria Rodrigo Facio Código 2060, Apdo. 37 | ||
| 500 | |a EXISTENCIAS : 1979 (1) 1980 (3-4), (5) 1981 (6-7) 1984 (11) 1985 (8-10, 12) | ||
| 500 | |a Colección Centroamérica | ||
| 650 | 1 | 0 | |a CAPITALISMO |9 64 |
| 650 | 0 | |a CAFE |9 587 | |
| 650 | 4 | |a PRODUCCION AGROPECUARIA |9 1951 | |
| 650 | 0 | |a DATOS ESTADISTICOS |9 124 | |
| 650 | 4 | |a IMPORTACIONES |9 1843 | |
| 650 | 0 | |a EXPORTACIONES |9 95 | |
| 651 | 4 | |a EL SALVADOR |9 1928 | |
| 942 | |2 ddc |c PP | ||
| 999 | |c 45443 |d 45443 | ||
